| 000 | 00478nam a22001697a 4500 | ||
|---|---|---|---|
| 999 |
_c41726 _d41726 |
||
| 003 | OSt | ||
| 005 | 20221110115728.0 | ||
| 008 | 221103b ||||| |||| 00| 0 eng d | ||
| 020 | _a8186299785 | ||
| 040 | _coclc | ||
| 082 |
_a664 _bDAS/F |
||
| 100 |
_99248 _aH. Das |
||
| 245 |
_aFood Processing Operations Analysis / _cH. Das |
||
| 260 |
_aDelhi: _bAsian Book private Limited, _c2005 |
||
| 300 | _a406 pages | ||
| 942 |
_2ddc _cBK _h664 _iDAS/F _k664 _mDAS/F |
||